| 000 | 00812nam a22002177a 4500 | ||
|---|---|---|---|
| 003 | OSt | ||
| 005 | 20140310182110.0 | ||
| 008 | 130824t xxu||||| |||| 00| 0 eng d | ||
| 020 | _a0078228522 | ||
| 050 |
_aQA 16 _b.M426 2001 |
||
| 082 |
_aHS 510 _bM42 2001 |
||
| 100 |
_aCollins, William _913429 |
||
| 245 |
_aMathematics : _bapplications and connections - course 3 / _cWilliam Collins, Linda Dritsas, Patricia Frey, Beatrice Moore-Harris, Jack M. Ott, Ronald Pelfrey, Arthur C. Howard, Kay McClain, David Molina, Jack Price, Barbara Smith, Patricia S. Wilson |
||
| 260 |
_aU.S.A : _bMcGraw-Hill Companies Inc, _c2001. |
||
| 300 |
_axxviii, 737 p. : _bcol. : ill. ; _c29 cm. |
||
| 440 |
_aGlencoe _913430 |
||
| 541 | _j1 | ||
| 562 | _e1 | ||
| 600 |
_aDritsas, Linda _913431 |
||
| 942 |
_2lcc _cHS _kHS |
||
| 999 |
_c9386 _d9386 |
||